The Autumn of Dictatorship : (Record no. 16089)
[ view plain ]
| 000 -LEADER | |
|---|---|
| fixed length control field | 02825cam a22004458i 4500 |
| 001 - CONTROL NUMBER | |
| control field | 16626186 |
| 005 - DATE AND TIME OF LATEST TRANSACTION | |
| control field | 20110902095235.0 |
| 008 - FIXED-LENGTH DATA ELEMENTS--GENERAL INFORMATION | |
| fixed length control field | 110121t20112011cau b 001 0 eng c |
| 010 ## - LIBRARY OF CONGRESS CONTROL NUMBER | |
| LC control number | 2011003140 |
| 020 ## - INTERNATIONAL STANDARD BOOK NUMBER | |
| International Standard Book Number | 0804778469 |
| 020 ## - INTERNATIONAL STANDARD BOOK NUMBER | |
| International Standard Book Number | 9780804778466 |
| 040 ## - CATALOGING SOURCE | |
| Original cataloging agency | CSt/DLC |
| Language of cataloging | eng |
| Transcribing agency | DLC |
| Description conventions | rda |
| Modifying agency | DLC |
| 041 1# - LANGUAGE CODE | |
| Language code of text/sound track or separate title | eng |
| Language code of original and/or intermediate translations of text | ara |
| 042 ## - AUTHENTICATION CODE | |
| Authentication code | pcc |
| 043 ## - GEOGRAPHIC AREA CODE | |
| Geographic area code | f-ua--- |
| 050 00 - LIBRARY OF CONGRESS CALL NUMBER | |
| Classification number | HJ1456 |
| Item number | .S85 2011 |
| 082 00 - DEWEY DECIMAL CLASSIFICATION NUMBER | |
| Classification number | 336.62 |
| Edition number | 22 |
| Item number | SOL |
| 100 1# - MAIN ENTRY--PERSONAL NAME | |
| Personal name | Sulayman, Samir, |
| Dates associated with a name | 1968- |
| Relator term | author. |
| 9 (RLIN) | 27370 |
| 240 10 - UNIFORM TITLE | |
| Uniform title | <a href="Al-Nizam al-qawi wa-al-dawlah al-daifah.">Al-Nizam al-qawi wa-al-dawlah al-daifah.</a> |
| Language of a work | English |
| 245 14 - TITLE STATEMENT | |
| Title | The Autumn of Dictatorship : |
| Remainder of title | Fiscal Crisis and Political Change in Egypt under Mubarak / |
| Statement of responsibility, etc | Samer Soliman ; translated by Peter Daniel. |
| 260 ## - PUBLICATION, DISTRIBUTION, ETC. (IMPRINT) | |
| Place of publication, distribution, etc | Stanford, California : |
| Name of publisher, distributor, etc | Stanford University Press, 2011 |
| Date of publication, distribution, etc | 2011 |
| 300 ## - PHYSICAL DESCRIPTION | |
| Extent | 206 p. ; |
| Dimensions | 23 cm. |
| 490 1# - Series Statement | |
| Series statement | Stanford studies in Middle Eastern and Islamic societies and cultures |
| -- | 27371 |
| 500 ## - GENERAL NOTE | |
| General note | Translated from the Arabic. |
| 504 ## - BIBLIOGRAPHY, ETC. NOTE | |
| Bibliography, etc | Includes bibliographical references and index. |
| 505 0# - FORMATTED CONTENTS NOTE | |
| Formatted contents note | Preface -- Growth of the state under Mubarak : follow the revenue trail -- Changes in the distribution of state revenues : security prevails -- The impact of the fiscal crisis on the relationship between central and local government : decentralization or fragmentation? -- From the rentier to the predatory state : transformations in the mechanisms for generating public revenues and their political consequences -- The end of the rentier/caretaker state and the rise of Egyptian capitalism : a fiscal infrastructure for democracy? -- Epilogue. |
| 650 #0 - SUBJECT ADDED ENTRY--TOPICAL TERM | |
| Topical term or geographic name as entry element | Finance, Public |
| Geographic subdivision | Egypt. |
| 9 (RLIN) | 27372 |
| 651 #0 - SUBJECT ADDED ENTRY--GEOGRAPHIC NAME | |
| Geographic name | Egypt |
| General subdivision | Politics and government |
| Chronological subdivision | 1981- |
| 9 (RLIN) | 27373 |
| 651 #0 - SUBJECT ADDED ENTRY--GEOGRAPHIC NAME | |
| Geographic name | Egypt |
| General subdivision | Economic policy. |
| 9 (RLIN) | 27374 |
| 651 #0 - SUBJECT ADDED ENTRY--GEOGRAPHIC NAME | |
| Geographic name | Egypt |
| General subdivision | Economic conditions |
| Chronological subdivision | 1981- |
| 9 (RLIN) | 27375 |
| 653 ## - INDEX TERM--UNCONTROLLED | |
| Resource For college | |
| Arrived date list | September2011 |
| 700 1# - ADDED ENTRY--PERSONAL NAME | |
| Personal name | Daniel, Peter |
| Fuller form of name | (Peter Otto), |
| Relator term | translator. |
| 9 (RLIN) | 27376 |
| 830 #0 - SERIES ADDED ENTRY--UNIFORM TITLE | |
| Uniform title | Stanford studies in Middle Eastern and Islamic societies and cultures. |
| 9 (RLIN) | 27377 |
| 942 ## - ADDED ENTRY ELEMENTS (KOHA) | |
| Source of classification or shelving scheme | Dewey Decimal Classification |
| Item type | NB - Book (Non borrowing) |
| Withdrawn status | Item status | Source of classification or shelving scheme | Damaged status | Not for loan | Vendor | Home library | Current library | Shelving location | Date acquired | Source of acquisition | Cost, normal purchase price | Total Checkouts | Total Renewals | Full call number | Barcode | Date last seen | Date last borrowed | Koha item type | Checked out |
|---|---|---|---|---|---|---|---|---|---|---|---|---|---|---|---|---|---|---|---|
| Dewey Decimal Classification | Central Library | Central Library | First floor | 25/09/2011 | Purchase | 185.00 | 4 | 2 | 336.62 SOL | 000024928 | 15/07/2025 | 23/12/2014 | NB - Book (Non borrowing) | ||||||
| Dewey Decimal Classification | Baccah | Central Library | Central Library | First floor | 22/11/2011 | 185.00 | 8 | 24 | 336.62 SOL | 000025697 | 15/07/2025 | 07/03/2017 | Book - Borrowing | ||||||
| Dewey Decimal Classification | Baccah | Central Library | Central Library | First floor | 22/11/2011 | 185.00 | 8 | 18 | 336.62 SOL | 000025698 | 15/07/2025 | 11/10/2017 | Book - Borrowing | ||||||
| Dewey Decimal Classification | Baccah | Central Library | Central Library | First floor | 22/11/2011 | Purchase | 185.00 | 7 | 71 | 336.62 SOL | 000025699 | 25/03/2024 | 25/03/2024 | Book - Borrowing | 21/04/2024 |